Vplyv stimulov maloobchodnej predajne na rozhodovanie o nákupe odevov a obuvi

Poznanie spotrebiteľa ako základný predpoklad trhového úspechu. Dynamika procesu nákupného rozhodovania. Odev a obuv ako základné potreby človeka. Kroky nákupného rozhodovania. Analýza vlastného nákupu na základe názorov študentov Obchodnej fakulty Ekonomickej univerzity.

Salvato in:
Dettagli Bibliografici
Autore principale: Richterová, Kornélia
Natura: Capitolo di libro
Lingua:slovacco
Soggetti:
Tags: Aggiungi Tag
Nessun Tag, puoi essere il primo ad aggiungerne!!

MARC

LEADER 00000naa$a2200000$$$4500
001 0008303
005 20230907084840.8
041 0 |a slo 
044 |a SK 
245 1 0 |a Vplyv stimulov maloobchodnej predajne na rozhodovanie o nákupe odevov a obuvi  |c aut. Kornélia Richterová 
520 |a Poznanie spotrebiteľa ako základný predpoklad trhového úspechu. Dynamika procesu nákupného rozhodovania. Odev a obuv ako základné potreby človeka. Kroky nákupného rozhodovania. Analýza vlastného nákupu na základe názorov študentov Obchodnej fakulty Ekonomickej univerzity. 
610 2 0 |a rozhodovanie 
610 2 0 |a rozhodovanie individuálne 
610 2 0 |a maloobchod 
610 2 0 |a správanie spotrebiteľa 
610 2 0 |a nákup 
610 2 0 |a analýzy 
100 1 |a Richterová, Kornélia